Корабль дураков: избранные сатиры
| 1. Verfasser: | |
|---|---|
| Weitere Verfasser: | , , , |
| Zusammenfassung: | Авт. указан на корешке На пер. загл. не указано В суперобложке. |
| Sprache: | Russisch |
| Veröffentlicht: |
Москва, Художественная литература, 1984
|
| Schlagworte: | |
| Format: | MixedMaterials Buch |
| KOHA link: | https://koha.lib.tpu.ru/cgi-bin/koha/opac-detail.pl?biblionumber=233053 |
MARC
| LEADER | 00000nam0a2200000 4500 | ||
|---|---|---|---|
| 001 | 233053 | ||
| 005 | 20231101231222.0 | ||
| 010 | |b 30000 экз. | ||
| 035 | |a (RuTPU)RU\TPU\book\254118 | ||
| 090 | |a 233053 | ||
| 100 | |a 20130226d1984 m y0rusy50 ca | ||
| 101 | 1 | |a rus |c ger | |
| 102 | |a RU | ||
| 105 | |a ac z 001gb | ||
| 200 | 1 | |a Корабль дураков |e избранные сатиры |f С. Брант |g пер. с нем. Л. Пеньковского ; авт. предисл. Б. Пуришев ; примеч. Е. Марковича ; худож. А. Дюрер | |
| 210 | |a Москва |c Художественная литература |d 1984 | ||
| 215 | |a 270 с. |c ил., портр. |d 14,5 см. | ||
| 300 | |a Авт. указан на корешке | ||
| 300 | |a На пер. загл. не указано | ||
| 300 | |a В суперобложке. | ||
| 320 | |a Примечания: с. 249-267. | ||
| 600 | 1 | |a Брант |b С. |c немецкий писатель-гуманист |f ок. 1458-1521 |g Себастьян |2 stltpush |3 (RuTPU)RU\TPU\pers\30472 | |
| 610 | 1 | |a немецкая литература | |
| 610 | 1 | |a поэмы | |
| 610 | 1 | |a 15 век | |
| 610 | 1 | |a 16 век | |
| 610 | 1 | |a сатира | |
| 610 | 1 | |a миниатюрные издания | |
| 686 | |a Ч611.68 |v LBC/SL-A |2 rubbk | ||
| 700 | 1 | |a Брант |b С. |c немецкий писатель-гуманист |f ок. 1458-1521 |g Себастьян |2 stltpush |3 (RuTPU)RU\TPU\pers\30472 | |
| 702 | 1 | |a Пеньковский |b Л. |g Лев |4 730 | |
| 702 | 1 | |a Пуришев |b Б. |4 080 | |
| 702 | 1 | |a Маркович |b Е. |4 080 | |
| 702 | 1 | |a Дюрер |b А. |c немецкий живописец и график |c основоположник искусства немецкого Возрождения |f 1471-1528 |g Альбрехт |2 stltpush |3 (RuTPU)RU\TPU\pers\46 |4 440 |9 31 | |
| 801 | 1 | |a RU |b 63413507 |c 20130226 | |
| 801 | 2 | |a RU |b 63413507 |c 20130226 |g RCR | |
| 942 | |c BK | ||